2303-愛知環状鉄道の駅 - Statistics

General Stats
  • This quiz has been taken 253 times
  • The average score is 16 of 23
Answer Stats
愛知環状鉄道線 % Correct
岡崎
99%
高蔵寺
98%
新豊田
90%
八草
88%
中岡崎
82%
瀬戸市
82%
北野桝塚
81%
北岡崎
79%
三河豊田
78%
瀬戸口
78%
新上挙母
74%
愛環梅坪
74%
六名
73%
中水野
64%
山口
62%
四郷
55%
大門
52%
篠原
51%
保見
48%
貝津
46%
三河上郷
45%
永覚
45%
末野原
43%
No matching quizzes found
Score Distribution
Percent of People with Each Score
Percentile by Number Answered
Your Score History
You have not taken this quiz